| 000 | 00877nam a22002297a 4500 | ||
|---|---|---|---|
| 005 | 20120813112446.0 | ||
| 008 | 120813t xxu||||| |||| 00| 0 eng d | ||
| 010 | _aENG-105535 | ||
| 020 |
_a9789380929385 _c1150.00 |
||
| 035 | _aEN-89068 | ||
| 037 | _bDBAD/PUB | ||
| 040 |
_aDPL _bEng |
||
| 082 | _a330.015195 | ||
| 100 | 1 |
_aGupta, Ruchi _950971 |
|
| 245 | 1 | 0 |
_aEconometrics : _cby Ruchi Gupta _btools and techniques / |
| 260 |
_aJaipur _bDND Publications _c2013 |
||
| 270 |
_a2, Shivgyan Avenue, (B-7), near Yojna Bhawan, Yudhishter Marg, C-Scheme _bJaipur _e302001 |
||
| 300 |
_aviii,328p. _c23cm(Hb) |
||
| 942 |
_2ddc _cEN _h330.015195 _mGUP |
||
| 999 |
_c68983 _d68983 |
||